| 000 | 01490nam a2200253Ia 4500 | ||
|---|---|---|---|
| 999 |
_c41393 _d41393 |
||
| 001 | 8055 | ||
| 003 | GE_BSU | ||
| 005 | 20200116164244.0 | ||
| 008 | 181216s2012||||ge |||||||||||||| ||geo|| | ||
| 020 | _a9789941926907 | ||
| 040 | _cGE_BSU | ||
| 041 | _ageo | ||
| 080 | _a821.19-3(082.2) თ–29 | ||
| 245 |
_aთანამედროვე სომხური პროზის ანთოლოგია / _cპროექტის ავტ.: მაყვალა გონაშვილი, ლევონ ანანიანი ; მთარგმნ.: დავით კახაბერი, მაყვალა გეურქოვა ; მხატვ. გაიანე ხაჩატურიანი. |
||
| 245 | _cრედ.ნანა ჭოჭუა.პროექტის ავტ-ბი მაყვალა გონაშვილი, ლევონ ანანიანი | ||
| 264 |
_aთბილისი : _bმერანი, _c2012. |
||
| 300 |
_a194 გვ.; _b21 სმ. |
||
| 653 | _aმხატვრული ლიტერატურა | ||
| 700 |
_aჰოვჰანისიანი, მაქსიმ _eავტორი _96174 |
||
| 700 |
_aადალიანი, ნორაირ _eავტორი _96175 |
||
| 700 |
_aმათევოსიანი, ჰრაჩია _eავტორი _96176 |
||
| 700 |
_aჰოვსეფინი, რუბენ და სხვ. _96177 |
||
| 942 |
_cBK _2udc |
||